|
|
|
|
| LEADER |
01017nam a2200289 4500 |
| 001 |
ocn958049941 |
| 003 |
OCoLC |
| 005 |
20180501122032.0 |
| 008 |
140203s2016 ne a 000 0 eng d |
| 040 |
|
|
|a CHVBK
|b ger
|e rda
|c CHVBK
|d OCLCQ
|d GrThAP
|
| 020 |
|
|
|a 9780128099414
|
| 020 |
|
|
|a 0128099410
|
| 035 |
|
|
|a (OCoLC)958049941
|
| 049 |
|
|
|a TEFA
|
| 245 |
0 |
0 |
|a Advances in computers.
|n Volume 103 /
|c edited by Atif M. Memon, College Park, MD, United States.
|
| 250 |
|
|
|a First edition.
|
| 264 |
|
1 |
|a Amsterdam
|b Elsevier
|c 2016.
|
| 300 |
|
|
|a ix, 171 Seiten :
|b Illustrationen.
|
| 336 |
|
|
|a Text
|b txt
|2 rdacontent/ger
|
| 337 |
|
|
|a ohne Hilfsmittel zu benutzen
|b n
|2 rdamedia/ger
|
| 338 |
|
|
|a Band
|b nc
|2 rdacarrier/ger
|
| 490 |
0 |
|
|a Advances in computers ;
|v volume 103
|
| 653 |
|
|
|a INFORMATIK + COMPUTERWISSENSCHAFTEN
|
| 653 |
|
|
|a INFORMATIQUE
|
| 653 |
|
|
|a COMPUTER SCIENCE
|
| 700 |
1 |
|
|a Memon, Atif M.,
|e Herausgeber.
|4 edt
|
| 856 |
4 |
0 |
|u https://www.sciencedirect.com/science/bookseries/00652458/103
|z Full Text via HEAL-Link
|